000 00365nam a2200145Ia 4500
008 230917s9999||||xx |||||||||||||| ||und||
040 _e245
_aMAIN
041 _aEnglish
082 _a667.25 V558C
100 _aVenkataraman, K. ed.
245 0 _aChemistry of synthetic dyes
260 _aNew York
_bAcademic Press
_c1978
300 _axxii, 444 p.
942 _cBK
999 _c184235
_d184235